000 00451nam a2200181Ia 4500
005 20240823053636.0
008 240823s9999||||xx |||||||||||||| ||und||
041 _aENGLISH
082 _A604.2
100 _aNatarajan K V
245 2 _aA Text Book of Engineering Graphics
250 _a1st
260 _bDhanla
500 _aTRANSFERED
650 _aEngineering Graphics
_bFire Technology & Safety Engineering
942 _cBK
999 _c224620
_d224620